| 000 | 01009nam a2200253Ia 4500 | ||
|---|---|---|---|
| 003 | GCL | ||
| 008 | 140319s9999 xx 000 0 ara d | ||
| 020 | _a2309281977 | ||
| 040 |
_aGCL / _cGCL |
||
| 082 | 0 | 4 |
_a306.45 _bح م |
| 100 | 1 | _aحسن محمد وجيه | |
| 245 | 1 | 0 |
_aمستقبل القاعدة العلمية : _bالانطلاق من الخطايا السبع لثقافة الامتحانات الى افاق ثقافة البحث العلمى والابداع / _cحسن محمد وجيه |
| 260 |
_aالقاهرة : _bالمكتبة الاكاديمية ، _c2007 |
||
| 300 |
_a187 ص ؛ _c30 سم |
||
| 490 |
_aكراسات مستقبلية _v0 |
||
| 650 | 0 | 4 | _aالثقافة العربية |
| 650 | 0 | 4 | _aادارة الازمات |
| 650 | 0 | 4 | _aالامتحانات |
| 650 | 0 | 4 | _aالبحث العلمى |
| 650 | 0 | 4 | _aالاعلام - ادارة الازمات |
| 650 | 0 | 4 | _aالتعليم الجامعى - اصلاح |
| 650 | 0 | 4 | _aالتنسيق الجامعى |
| 942 |
_2ddc _cBK |
||
| 999 |
_c9839 _d9839 |
||